South Eastern Kenya University

Library Online Public Access Catalogue


Public Relations/ (Record no. 3509)

MARC details
000 -LEADER
fixed length control field 00485nam a22001817a 4500
020 ## - INTERNATIONAL STANDARD BOOK NUMBER
International Standard Book Number 0273634321
020 ## - INTERNATIONAL STANDARD BOOK NUMBER
International Standard Book Number 9780273634324
050 ## - LIBRARY OF CONGRESS CALL NUMBER
Classification number HD59
Item number .J46 1998
100 ## - MAIN ENTRY--PERSONAL NAME
Personal name Jefkins, Frank William
245 ## - TITLE STATEMENT
Title Public relations
250 ## - EDITION STATEMENT
Edition statement 5th ed.
260 ## - PUBLICATION, DISTRIBUTION, ETC. (IMPRINT)
Place of publication, distribution, etc. London :
Name of publisher, distributor, etc. Financial Times Pitman,
Date of publication, distribution, etc. 1998.
300 ## - PHYSICAL DESCRIPTION
Extent ix, 293 p. ;
500 ## - GENERAL NOTE
General note 24 cm.<br/>includes index.
650 ## - SUBJECT ADDED ENTRY--TOPICAL TERM
Topical term following geographic name as entry element Public relations.
Form subdivision Book :
General subdivision English :
700 ## - ADDED ENTRY--PERSONAL NAME
Personal name Yadin, Daniel L.(editor)
942 ## - ADDED ENTRY ELEMENTS (KOHA)
Koha item type General circulation
Holdings
Withdrawn status Lost status Source of classification or shelving scheme Damaged status Not for loan Home library Current library Date acquired Full call number Barcode Date last seen Price effective from Koha item type Cost, normal purchase price Total Checkouts Date last checked out Cost, replacement price Public note Total Renewals Shelving location
    Library of Congress Classification     Kitui Town Campus Library Kitui Town Campus Library 12/09/2014 [KTI] HD 59 .J46 1998 2016/011824 12/09/2014 12/09/2014 General circulation              
    Library of Congress Classification     Kitui Town Campus Library Kitui Town Campus Library 09/04/2015 HD 59 .J46 1998 2024/028003 22/11/2016   General circulation 5468.82 1 11/11/2016 5968.00 mk   General Stacks
    Library of Congress Classification     Kitui Town Campus Library Kitui Town Campus Library 20/05/2025 HD 59 .J46 1998 2024/028008 20/05/2025 20/05/2025 General circulation             General Stacks
    Library of Congress Classification     Main Campus Library Main Campus Library 12/09/2014 HD59 .J46 1998 2016/011846 17/11/2014   General circulation 5468.82 1 03/11/2014 5968.00 leo    
    Library of Congress Classification     Main Campus Library Main Campus Library 12/09/2014 HD59 .J46 1998 2016/011792 08/04/2026   General circulation 5468.82 3 23/03/2026 5968.00 leo 1  
Kitui, Kenya.
+254736116989
library@seku.ac.ke